Europiloode (Record no. 40903)

MARC details
000 -LEADER
fixed length control field 00388nam a2200145Ia 4500
008 - FIXED-LENGTH DATA ELEMENTS--GENERAL INFORMATION
fixed length control field 211109s9999||||xx |||||||||||||| ||und||
082 ## - DEWEY DECIMAL CLASSIFICATION NUMBER
Classification number 894.8123
Item number POT-E
100 ## - MAIN ENTRY--PERSONAL NAME
Personal name Pottakadu, S K
245 #0 - TITLE STATEMENT
Title Europiloode
260 ## - PUBLICATION, DISTRIBUTION, ETC.
Name of publisher, distributor, etc. KAIRALI BOOKS
Place of publication, distribution, etc. KTYM
Date of publication, distribution, etc. 1900
300 ## - PHYSICAL DESCRIPTION
Extent 223p.
630 ## - SUBJECT ADDED ENTRY--UNIFORM TITLE
General subdivision GENERAL STACK
650 ## - SUBJECT ADDED ENTRY--TOPICAL TERM
Topical term or geographic name entry element MALAYALAM
942 ## - ADDED ENTRY ELEMENTS (KOHA)
Koha item type BOOK
650 ## - SUBJECT ADDED ENTRY--TOPICAL TERM
Form subdivision MALAYALAM LITERATURE
General subdivision MALAYALAM NOVELGeneralia
Holdings
Withdrawn status Lost status Damaged status Not for loan Home library Current library Date acquired Cost, normal purchase price Total Checkouts Full call number Barcode Shelving location Date last seen Price effective from Koha item type
        SB LIBRARY SB LIBRARY 09/11/2021 100.00   894.8123 POT-E 00082525 GENERAL STACK 09/11/2021 09/11/2021 BOOK

Powered by Koha